| 000 | 00710nam a2200241Ia 4500 | ||
|---|---|---|---|
| 003 | OSt | ||
| 005 | 20220924114955.0 | ||
| 006 | a|||||r|||| 00| 0 | ||
| 007 | ta | ||
| 008 | 220923b |||||||| |||| 00| 0 san d | ||
| 024 | _a418 | ||
| 037 | _cTextual | ||
| 040 |
_aARTS _cARTS _bsan |
||
| 041 |
_2san _asan |
||
| 082 | _aQ2216xJ32:1:1, 15K7.1 | ||
| 100 |
_aGoswami Jiva _9176304 |
||
| 245 | 0 | _aSatsandarbha with the comm of Baladeva | |
| 260 |
_aCalcutta _bJadavpur Univ _c1967 |
||
| 490 | _aJadavpur University sanskrit series ed by Ramarangan Mukherji; 1 | ||
| 650 | _aRELIGION | ||
| 942 |
_hQ2216xJ32:1:1, 15K7.1 _cTEXL _2CC |
||
| 999 |
_c396221 _d396221 |
||